| 000 | 01038nam a2200253 i 4500 | ||
|---|---|---|---|
| 001 | 30578 | ||
| 003 | ES-MaACL | ||
| 005 | 20230909063110.0 | ||
| 007 | t| | ||
| 008 | 030127s1969 sp ||||1| spa d | ||
| 080 | _a929 Bastos Ansart, Manuel | ||
| 080 | _a94(460)"19"(093.3) | ||
| 100 | 1 |
_aBastos Ansart, Manuel, _d1887-1973 _926381 |
|
| 245 | 1 | 0 |
_aDe las guerras coloniales a la guerra civil : _bmemorias de un cirujano / _cManuel Bastos Ansart. |
| 260 |
_aBarcelona : _bAriel, _c1969. |
||
| 300 |
_a445 p. ; _c22 cm. |
||
| 600 | 1 | 4 |
_aBastos Ansart, Manuel, _d1887-1973 _926381 |
| 651 | 4 |
_aEspaña- _xHistoria- _y1885-1902, Regencia de María Cristina de Habsburgo- _vRelatos personales. _9155261 |
|
| 651 | 4 |
_aEspaña- _xHistoria- _y1902-1931, Alfonso XIII- _vRelatos personales. _9144642 |
|
| 651 | 4 |
_aEspaña- _xHistoria- _y1931-1939, II República- _vRelatos personales. _98290 |
|
| 651 | 0 |
_aEspaña- _xHistoria- _y1936-1939, Guerra civil- _vRelatos personales. _98326 |
|
| 852 | 4 |
_aES-MaACL _jD-8030 |
|
| 999 |
_c30578 _d30578 |
||